00289nam a2200121Ia 4500008004100000100001500041245001700056260004200073300000800115650002000123942000700143999001700150190216s9999||||xx |||||||||||||| ||und|| aPublishers 0aGadyamangeri bCalicut University Publicationsc1986 a53p aEssay Malayalam cBK c26410d26410